000 01205nam a2200241Ia 4500
999 _c49352
_d49352
001 16269
003 GE_BSU
005 20200525125640.0
008 181216s2015ge xx |||||||||||||| ||geo||
020 _a9789941073830
040 _cGE_BSU
041 _ageo
080 _a342.4(076.5) გ-26
100 _aგეგენავა დიმიტრი
_98183
245 _aპრაქტიკუმი საკონსტიტუციო სამართალში :
_bდამხმარ.სახელმძღვ. /
_cდიმიტრი გეგენევა ; ზურაბ მაჭარაძე.
264 _aთბილისი :
_bდავით ბატონიშვილის სამართლის ინ-ტის გამ-ბა,
_c2015.
300 _a170 გვ;
_c20 სმ.
653 _aპრაქტიკუმი საკონსტიტუციო სამართალში
653 _aსამართალი
700 _aმაჭარაძე, ზურაბ
_98184
710 _aდავით ბატონიშვილის სამართლის ინსტიტუტი
_98185
942 _cBK
_2udc